000 01113nam a2200289 i 4500
001 bg
245 0 0 _aEkonomika przedsiębiorstwa :
_bwybrane zagadnienia : praca zbiorowa /
_cpod red. Mieczysława W[ładysława] Jerzaka, Marii Nowickiej-Skowron ; [poszczeg. rozdz. oprac. Włodzimierz Brzezin et al.].
260 _aCzęstochowa :
_bWydaw. PC,
_c1995.
300 _a278, [2] s. :
_brys., wykr. ;
_c24 cm.
490 1 _aSkrypty Politechniki Częstochowskiej,
_x1234-9909 ;
_v3
504 _aBibliogr. przy rozdz.
650 9 _aModele matematyczne
_xstosowanie
_xgospodarka
650 9 _aPrzedsiębiorstwo
_xekonomika
650 9 _aPrzedsiębiorstwo
_xorganizacja
655 _aPodręczniki akademickie
700 1 _aJERZAK, Mieczysław Władysław.
_eRed.
700 1 _aNOWICKA-SKOWRON, Maria.
_eRed.
700 1 _aBRZEZIN, Włodzimierz.
830 _aSkrypty Politechniki Częstochowskiej,
_x1234-9909 ;
020 _a8385031529
040 _cBPK
041 0 _apol
080 _a658.1/.5::66/69.003:51](075.8)
920 _a83-85031-52-9
942 _cKS
008 s pl f |000 0 pol
999 _c24536
_d24536
856 _uhttp://koha.tu.koszalin.pl/cgi-bin/koha/opac-detail.pl?biblionumber=24536
_yKatalog online BPK